Thermodynamics, kinetic theory, and satistical thermodynamics

Tallennettuna:
Bibliografiset tiedot
Päätekijät: Sears, Francis Weston (Tekijä), Salinger, Gerhard L (Tekijä)
Aineistotyyppi: Kirja
Kieli:englanti
Julkaistu: Reading Addison-Wesley 1975
Painos:3a. ed
Sarja:Priciples of Physics Series
Aiheet:
Tagit: Lisää tagi
Ei tageja, Lisää ensimmäinen tagi!

MARC

LEADER 00000nam a2200000 a 4500
001 UCV4677
003 CL-VaPUC
008 910508e19750000US |||||||||||||||||eng|d
082 0 4 |a 536.7  |b SEA  |2 21 
100 0 |a Sears, Francis Weston  |e author  |9 298873 
700 0 |a Salinger, Gerhard L  |e author  |9 298874 
245 1 0 |a Thermodynamics, kinetic theory, and satistical thermodynamics 
250 |a 3a. ed 
300 |a 454 p 
942 |c BK 
945 |d 19910508 00:00:00 
260 |a Reading  |b Addison-Wesley  |c 1975 
500 |a Ediciones anteriores publicadas con el título: An introduction to thermodynamics, the kinetic theory of gases, and statistical mechanics 
650 0 |a Termodinámica   |9 259320 
650 7 |a TEORIA CINETICA DE LOS GASES  |2 CL-VaPUC  |9 260954 
583 |a last modification  |c 19910508 00:00:00  |k Rodrigo Vera 
490 0 |a Priciples of Physics Series 
999 |c 211389  |d 211387 
952 |0 0  |1 0  |4 0  |6 536_700000000000000_SEA_1975  |7 0  |8 A  |9 190520  |a BIBING  |b BIBING  |d 2019-11-14  |i 2582988  |l 1  |o 536.7 SEA 1975  |p 2582988  |r 2025-01-20  |s 2024-10-18  |w 2019-11-14  |y BK  |k TRA